Online
Catalog

Christophe Colomb et les conséquences de la Decouverte de L´Amerique / (Record no. 33725)

MARC details
000 -CABECERA
campo de control de longitud fija 00441nam a2200145 a 4500
001 - NÚMERO DE CONTROL
campo de control 000034234
005 - FECHA Y HORA DE LA ÚLTIMA TRANSACCIÓN
campo de control 20200930070905.0
008 - DATOS DE LONGITUD FIJA--INFORMACIÓN GENERAL
campo de control de longitud fija 110928s1881 fr 000 0 fre d
040 ## - FUENTE DE LA CATALOGACIÓN
Centro catalogador/agencia de origen DO-SdBNP
Lengua de catalogación spa
Centro/agencia transcriptor BNPHU
082 ## - NÚMERO DE LA CLASIFICACIÓN DECIMAL DEWEY
Número de clasificación xxx
Número de documento/Ítem L446c
100 1# - ENTRADA PRINCIPAL--NOMBRE DE PERSONA
Nombre de persona Leblois, L.
9 (RLIN) 59655
245 10 - MENCIÓN DE TÍTULO
Título Christophe Colomb et les conséquences de la Decouverte de L´Amerique /
Mención de responsabilidad, etc. L. Leblois.
260 ## - PUBLICACIÓN, DISTRIBUCIÓN, ETC.
Lugar de publicación, distribución, etc. París :
Nombre del editor, distribuidor, etc. G. Fischbacher,
Fecha de publicación, distribución, etc. 1881.
300 ## - DESCRIPCIÓN FÍSICA
Extensión 32 p. ;
Dimensiones 25 cm.
Holdings
Estado de retiro Estado de pérdida Restricciones de uso No para préstamo Código de colección Localización permanente Ubicación/localización actual Ubicación en estantería Fecha de adquisición Número de inventario Total de préstamos Signatura topográfica completa Código de barras Fecha visto por última vez Precio válido a partir de Tipo de ítem Koha
      Excluido de préstamo Monografías: Libros y Folletos General General Depósito 28.09.2011 LF1   xxx L446c 34234-10 25.06.2020 25.06.2020 No se presta

Powered by Koha